Welcome to the Holygrace Academy Library

Please use search bar below to get started

JONATHAN LIVINGSTON SEAGULL (Record no. 2617)

MARC details
000 -LEADER
fixed length control field 00617nam a22001457a 4500
020 ## - INTERNATIONAL STANDARD BOOK NUMBER
ISBN 978-81-7223-578-9
082 ## - DEWEY DECIMAL CLASSIFICATION NUMBER
Classification number 823
Item number BAC/J
100 ## - MAIN ENTRY--AUTHOR NAME
Personal name BACH, RICHARD
245 ## - TITLE STATEMENT
Title JONATHAN LIVINGSTON SEAGULL
260 ## - PUBLICATION, DISTRIBUTION, ETC. (IMPRINT)
Place of publication LONDON
Name of publisher HARPER COLLINS
Year of publication 2015
300 ## - PHYSICAL DESCRIPTION
Number of Pages 127
520 ## - SUMMARY, ETC.
Summary, etc Jonathan Livingston Seagull by Richard Bach is a story of an ambitious and adventurous seagull whose main aim in life is to do something worthwhile and unforgettable. For this reason, he practices flying day and night and soon learns to fly flawlessly to the utmost heights of the blue sky.
650 ## - SUBJECT ADDED ENTRY--TOPICAL TERM
Topical Term NOVEL
Geographic subdivision UNITED KINGDOM
942 ## - ADDED ENTRY ELEMENTS (KOHA)
Koha item type Books
Holdings
Withdrawn status Lost status Collection code Home library Current library Shelving location Date acquired Source of acquisition Full call number Accession Number Koha item type
    Fiction Main Library Main Library SHELF-14B -ALPHABETICAL -B--ENGLISH NOVELS & FICTIONS 16/01/2019 purchase 823 BAC/J 10450 Books
    Fiction Main Library Main Library SHELF-14B -ALPHABETICAL -B--ENGLISH NOVELS & FICTIONS 06/11/2012 purchase 823 BAC/J 06466 Books
    Fiction Main Library Main Library SHELF-14B -ALPHABETICAL -B--ENGLISH NOVELS & FICTIONS 07/11/2012 purchase 823 BAC/J 06484 Books